000 01764nam a2200229Ia 4500
003 Ost
005 20260507075552.0
008 260507s9999||||xx |||||||||||||| ||und||
040 _cfsecg
041 _aara
082 _a200
100 _aفرهنك، جلال
_eمؤلف
245 0 _aحيازة التكنولوجيا المستوردة من اجل التنمية الصناعية :
_bمشكلات الاستراتيجية و الادارة في الوطن العربي الحلقة الدراسية التي نظمتها اللجنة الاقتصادية و الاجتماعية لغربي آسيا التابعة للأمم المتحدة بالاشتراك مع نظام الأمم المتحدة لتمويل العلم و التكنولوجيا من أجل التنمية /
_c جلال فرهنك
260 _aبيروت:
_bمركز دراسات الوحدة العربية,
_c1987
300 _a250 صفحة؛
_bإيضاحات ؛
_c24 سم
504 _aجداول ص.9
520 _aمنظور استراتيجي لواردات التكنولوجيا و منظورات وطنية عن حيازة التكنولوجيا الصناعية في المنطقة العربية اضافة الى حيازة التكنولوجيا في مشروعات استثمار صناعي رئيسية, تنمية القدرات التكنولوجية و التغيير التقني المتواصل في المشروعات القائمة و في الاخير خلاصات حول الاستراتيجية و التنمية التكنولوجية و الصناعية في المنطقة العربية .
653 _aالتنمية الصناعية
653 _aحيازة
700 _aعميرة، محمد وآخرون
_eمؤلف ثانوي
942 _cكتاب
999 _c44934
_d44934